{"text_format":"3","workbook":"xlsx","n_sheets":1,"sheets":["Sheet1"],"read":"whole","date_system":"1900"}

{"sheet":"Sheet1","index":0,"n_rows":33,"n_cols":14,"rows_kept":33,"merged":[[0,0,0,13],[2,1,15,1],[16,0,16,8],[16,9,16,10],[16,11,16,12],[18,1,29,1],[30,0,30,8],[30,9,30,10],[30,11,30,12],[31,0,31,8],[31,9,31,10],[31,11,31,12],[32,0,32,13]]}
["招标清单（家具）"]
["序号","户型","材料名称","规格（参考）","单位","数量","套数","合计","备注","控制价单价\n（含税）","控制价合计（含税）","报价单价\n（含税）","报价合计（含税）","税率"]
[1,"套三","1.5米大床","1500*2100*1010mm、棕垫","张",1,25,{"$f":"F3*G3","v":25},"含搬运、安装",{"v":850,"d":"850.00"},{"$f":"J3*H3","v":21250}]
[2,null,"1.2米床","1200*2100*1010mm、棕垫","张",1,38,38,"含搬运、安装",{"v":800,"d":"800.00"},{"$f":"J4*H4","v":30400}]
[3,null,"三开门成品衣柜\n（木质家用）",null,"㎡",1,63,{"$f":"F5*G5","v":63},"含搬运、安装",{"v":897,"d":"897.00"},{"$f":"J5*H5","v":56511}]
[5,null,"沙发","长度约在2100mm","套",1,25,{"$f":"F6*G6","v":25},"含搬运、安装",{"v":890,"d":"890.00"},{"$f":"J6*H6","v":22250}]
[6,null,"电视机","55寸","台",1,25,{"$f":"F7*G7","v":25},"报价含挂架、人工等安装费用",{"v":950,"d":"950.00"},{"$f":"J7*H7","v":23750}]
[7,null,"冰箱","236升","台",1,25,25,"含搬运、安装",{"v":890,"d":"890.00"},{"$f":"J8*H8","v":22250}]
[8,null,"椅子","定制","把",4,25,{"$f":"F9*G9","v":100},"含搬运、安装",{"v":100,"d":"100.00"},{"$f":"J9*H9","v":10000}]
[9,null,"空调","1.5匹","台",2,25,50,"报价包含高空费以及增加的铜管，支架、人工等安装费用",{"v":1498,"d":"1498.00"},74900]
[10,null,"空调","1.5匹","台",1,13,13,"报价包含高空费以及增加的铜管，支架、人工等安装费用",{"v":1498,"d":"1498.00"},19474]
[11,null,"洗衣机","10KG","台",1,25,25,"报价含水龙头、管材、人工等安装费用",{"v":730,"d":"730.00"},18250]
[12,null,"晾衣杆","1150-1900mm","根",1,25,25,"含搬运、安装",{"v":98,"d":"98.00"},2450]
[13,null,"桌子","1200mm*600mm*750mm","张",1,25,25,"含搬运、安装",{"v":680,"d":"680.00"},17000]
[14,null,"窗帘","布艺定制","套",3,25,75,"含搬运、安装",{"v":296,"d":"296.00"},22200]
[15,null,"热水器","12升","台",1,25,25,"报价含角阀、高压管、开孔、人工等安装费用",{"v":698,"d":"698.00"},17450]
["小计",{"$nulls":8},{"$f":"SUM(K3:K16)","v":{"v":358135,"d":"358135.00"}}]
["序号","户型","材料名称","规格（参考）","单位","数量","套数","合计","备注","控制价单价\n（含税）","控制价合计（含税）","报价单价\n（含税）","报价合计（含税）","税率"]
[1,"套一","1.5米大床","1500*2100*1010mm、棕垫","张",1,5,{"$f":"F19*G19","v":5},"含搬运、安装",{"v":850,"d":"850.00"},4250]
[2,null,"三开门成品衣柜\n（木质家用）",null,"㎡",1,5,5,"含搬运、安装",{"v":897,"d":"897.00"},4485]
[3,null,"沙发","长度约在2100mm","套",1,5,5,"含搬运、安装",{"v":890,"d":"890.00"},4450]
[4,null,"电视机","55寸","台",1,5,5,"报价含挂架、人工等安装费用",{"v":950,"d":"950.00"},4750]
[5,null,"冰箱","236升","台",1,5,5,"含搬运、安装",{"v":890,"d":"890.00"},4450]
[6,null,"椅子","定制","把",4,5,{"$f":"F24*G24","v":20},"含搬运、安装",{"v":150,"d":"150.00"},{"$f":"J24*H24","v":3000}]
[7,null,"空调","1.5匹","台",1,5,5,"报价包含高空费以及增加的铜管，支架、人工等安装费用",{"v":1498,"d":"1498.00"},{"$f":"J25*H25","v":7490}]
[8,null,"洗衣机","10KG","台",1,5,5,"报价含水龙头、管材、人工等安装费用",{"v":730,"d":"730.00"},{"$f":"J26*H26","v":3650}]
[9,null,"晾衣杆","1150-1900mm","根",1,5,5,"含搬运、安装",{"v":98,"d":"98.00"},{"$f":"J27*H27","v":490}]
[10,null,"桌子","1200mm*600mm*750mm","张",1,5,5,"含搬运、安装",{"v":680,"d":"680.00"},{"$f":"J28*H28","v":3400}]
[11,null,"窗帘","布艺定制","套",1,5,5,"含搬运、安装",{"v":487,"d":"487.00"},{"$f":"J29*H29","v":2435}]
[12,null,"热水器","12升","台",1,5,5,"报价含角阀、高压管、开孔、人工等安装费用",{"v":698,"d":"698.00"},{"$f":"J30*H30","v":3490}]
["小计",{"$nulls":8},{"$f":"SUM(K19:K30)","v":{"v":46340,"d":"46340.00"}}]
["含税合计",{"$nulls":8},{"$f":"J17+J31","v":404475}]
["注：技术参数见附表"]